[Event "WCO 2016"]
[Site "?"]
[Date "2016.09.13"]
[Round "11"]
[Board "10"]
[WhiteID "112275"]
[White "Mareco Sandro"]
[BlackID "2302241"]
[Black "Gretarsson Hjorvar Steinn"]
[Result "1-0"]
[BlackElo "2547"]
[WhiteElo "2606"]
[LiveChessVersion "1.4.8"]

1. c4 {[%clk 1:30:57]} Nf6 {[%clk 1:30:20]} 2. Nc3 {[%clk 1:31:22]} e5
{[%clk 1:30:11]} 3. Nf3 {[%clk 1:31:44]} Nc6 {[%clk 1:30:13]} 4. g3
{[%clk 1:30:39]} d5 {[%clk 1:30:15]} 5. cxd5 {[%clk 1:31:05]} Nxd5
{[%clk 1:30:41]} 6. Bg2 {[%clk 1:30:54]} Nb6 {[%clk 1:31:03]} 7. O-O
{[%clk 1:31:17]} Be7 {[%clk 1:31:29]} 8. d3 {[%clk 1:31:38]} O-O {[%clk 1:30:10]}
9. Be3 {[%clk 1:31:19]} Be6 {[%clk 1:28:44]} 10. a3 {[%clk 1:29:42]} Nd5
{[%clk 1:22:06]} 11. Bd2 {[%clk 1:29:05]} Nxc3 {[%clk 1:08:30]} 12. bxc3
{[%clk 1:28:31]} f5 {[%clk 1:03:51]} 13. Qa4 {[%clk 1:26:57]} Qd6
{[%clk 0:47:44]} 14. Rfd1 {[%clk 1:26:23]} Rad8 {[%clk 0:43:32]} 15. Bg5
{[%clk 1:25:52]} b6 {[%clk 0:25:34]} 16. Bxe7 {[%clk 0:56:31]} Nxe7
{[%clk 0:25:54]} 17. Ng5 {[%clk 0:56:59]} Bd5 {[%clk 0:23:37]} 18. e4
{[%clk 0:42:53]} h6 {[%clk 0:23:32]} 19. Nf3 {[%clk 0:41:44]} Bc6
{[%clk 0:16:07]} 20. Qc4+ {[%clk 0:41:49]} Kh7 {[%clk 0:14:35]} 21. exf5
{[%clk 0:41:32]} Rxf5 {[%clk 0:12:35]} 22. Nh4 {[%clk 0:41:53]} Rf6
{[%clk 0:12:11]} 23. d4 {[%clk 0:35:53]} Qe6 {[%clk 0:08:13]} 24. Qxe6
{[%clk 0:34:55]} Rxe6 {[%clk 0:08:42]} 25. Bh3 {[%clk 0:35:11]} Red6
{[%clk 0:08:12]} 26. Re1 {[%clk 0:35:30]} Rd5 {[%clk 0:06:08]} 27. Nf3
{[%clk 0:34:14]} Ng6 {[%clk 0:04:24]} 28. Bf5 {[%clk 0:34:30]} exd4
{[%clk 0:03:36]} 29. Bxg6+ {[%clk 0:34:45]} 1-0

[Event "WCO 2016"]
[Site "?"]
[Date "2016.09.13"]
[Round "11"]
[Board "11"]
[WhiteID "2300044"]
[White "Hjartarson Johann"]
[BlackID "117927"]
[Black "Perez Ponsa Federico"]
[Result "1/2-1/2"]
[BlackElo "2585"]
[WhiteElo "2545"]
[LiveChessVersion "1.4.8"]

1. d4 {[%clk 1:30:50]} Nf6 {[%clk 1:30:46]} 2. c4 {[%clk 1:31:14]} g6
{[%clk 1:30:50]} 3. Nc3 {[%clk 1:31:32]} Bg7 {[%clk 1:31:11]} 4. e4
{[%clk 1:31:51]} d6 {[%clk 1:31:15]} 5. Nf3 {[%clk 1:32:08]} O-O {[%clk 1:31:38]}
6. Be2 {[%clk 1:32:30]} e5 {[%clk 1:31:37]} 7. O-O {[%clk 1:32:35]} Nc6
{[%clk 1:31:57]} 8. d5 {[%clk 1:32:54]} Ne7 {[%clk 1:32:22]} 9. b4
{[%clk 1:32:50]} a5 {[%clk 1:31:26]} 10. Ba3 {[%clk 1:32:16]} Re8
{[%clk 1:30:08]} 11. bxa5 {[%clk 1:30:58]} c5 {[%clk 1:30:30]} 12. Bc1
{[%clk 1:21:46]} Rxa5 {[%clk 1:28:48]} 13. a4 {[%clk 1:21:40]} Rf8
{[%clk 1:28:52]} 14. Bd2 {[%clk 1:20:34]} Ra6 {[%clk 1:28:55]} 15. Qc2
{[%clk 1:20:39]} Ne8 {[%clk 1:26:50]} 16. Rfb1 {[%clk 1:18:08]} h6
{[%clk 1:24:04]} 17. Ra3 {[%clk 1:14:58]} f5 {[%clk 1:23:06]} 18. Bd3
{[%clk 1:14:02]} f4 {[%clk 1:13:37]} 19. h3 {[%clk 1:13:01]} g5 {[%clk 1:13:45]}
20. Be2 {[%clk 1:11:52]} Nf6 {[%clk 1:06:34]} 21. Rab3 {[%clk 1:10:14]} Ng6
{[%clk 1:03:47]} 22. Rxb7 {[%clk 1:07:56]} Bxb7 {[%clk 1:04:04]} 23. Rxb7
{[%clk 1:08:19]} Rb6 {[%clk 1:01:12]} 24. Rxb6 {[%clk 1:05:07]} Qxb6
{[%clk 1:01:38]} 25. Nb5 {[%clk 1:04:47]} Ra8 {[%clk 0:58:13]} 26. a5
{[%clk 1:04:25]} Qd8 {[%clk 0:55:45]} 27. Bc3 {[%clk 0:59:11]} Nh8
{[%clk 0:53:50]} 28. Nd2 {[%clk 0:50:32]} Nf7 {[%clk 0:52:15]} 29. Qa4
{[%clk 0:46:50]} Qc8 {[%clk 0:49:01]} 30. Na3 {[%clk 0:41:12]} h5
{[%clk 0:44:02]} 31. Bd1 {[%clk 0:37:01]} g4 {[%clk 0:41:49]} 32. h4
{[%clk 0:27:08]} g3 {[%clk 0:37:08]} 33. fxg3 {[%clk 0:21:26]} fxg3
{[%clk 0:37:32]} 34. Bf3 {[%clk 0:20:25]} Bh6 {[%clk 0:25:18]} 35. Nf1
{[%clk 0:20:36]} Bf4 {[%clk 0:23:05]} 36. Be1 {[%clk 0:20:07]} Qd8
{[%clk 0:21:22]} 37. Nb5 {[%clk 0:17:29]} Ng4 {[%clk 0:16:36]} 38. Bxg4
{[%clk 0:15:28]} hxg4 {[%clk 0:16:58]} 39. a6 {[%clk 0:14:42]} Qxh4
{[%clk 0:09:48]} 40. Nc7 {[%clk 0:43:39]} Rf8 {[%clk 0:30:33]} 41. Ne6
{[%clk 0:41:28]} Ng5 {[%clk 0:22:32]} 42. Nxf8 {[%clk 0:40:48]} Nf3+
{[%clk 0:22:40]} 43. gxf3 {[%clk 0:41:09]} Be3+ {[%clk 0:23:05]} 44. Nxe3
{[%clk 0:41:08]} Qh2+ {[%clk 0:19:09]} 45. Kf1 {[%clk 0:41:06]} g2+
{[%clk 0:11:36]} 46. Nxg2 {[%clk 0:41:09]} gxf3 {[%clk 0:12:02]} 47. Ne3
{[%clk 0:28:34]} Qe2+ {[%clk 0:12:27]} 48. Kg1 {[%clk 0:28:58]} Qxe1+
{[%clk 0:12:47]} 49. Kh2 {[%clk 0:27:58]} Qh4+ {[%clk 0:13:11]} 50. Kg1
{[%clk 0:28:22]} Qe1+ {[%clk 0:13:37]} 51. Kh2 {[%clk 0:28:47]} 1/2-1/2

[Event "WCO 2016"]
[Site "?"]
[Date "2016.09.13"]
[Round "11"]
[Board "12"]
[WhiteID "110973"]
[White "Pichot Alan"]
[BlackID "2301318"]
[Black "Kjartansson Gudmundur"]
[Result "1/2-1/2"]
[BlackElo "2442"]
[WhiteElo "2536"]
[LiveChessVersion "1.4.8"]

1. e4 {[%clk 1:30:56]} e5 {[%clk 1:30:52]} 2. Nf3 {[%clk 1:31:14]} Nc6
{[%clk 1:31:16]} 3. Bb5 {[%clk 1:31:23]} Nf6 {[%clk 1:31:28]} 4. d3
{[%clk 1:31:24]} Bc5 {[%clk 1:31:48]} 5. Bxc6 {[%clk 1:28:53]} dxc6
{[%clk 1:32:05]} 6. Qe2 {[%clk 1:29:06]} Bg4 {[%clk 1:26:51]} 7. Nbd2
{[%clk 1:27:11]} Qe7 {[%clk 1:26:38]} 8. Nf1 {[%clk 1:20:30]} Nd7
{[%clk 1:19:17]} 9. h3 {[%clk 1:13:37]} Bxf3 {[%clk 1:17:48]} 10. Qxf3
{[%clk 1:13:57]} Nf8 {[%clk 1:16:30]} 11. Qg3 {[%clk 1:07:51]} f6
{[%clk 1:07:41]} 12. f4 {[%clk 0:55:34]} exf4 {[%clk 1:07:12]} 13. Bxf4
{[%clk 0:55:56]} Ne6 {[%clk 1:07:19]} 14. Bd2 {[%clk 0:56:12]} f5
{[%clk 1:04:46]} 15. O-O-O {[%clk 0:53:12]} fxe4 {[%clk 1:02:29]} 16. Re1
{[%clk 0:52:40]} O-O {[%clk 0:56:27]} 17. Rxe4 {[%clk 0:52:53]} Qf7
{[%clk 0:53:19]} 18. Bc3 {[%clk 0:47:01]} Nf4 {[%clk 0:30:54]} 19. Nd2
{[%clk 0:31:11]} Bd6 {[%clk 0:26:01]} 20. Qg4 {[%clk 0:31:03]} Rae8
{[%clk 0:22:02]} 21. Rhe1 {[%clk 0:10:25]} Rxe4 {[%clk 0:19:10]} 22. Nxe4
{[%clk 0:09:50]} Nd5 {[%clk 0:17:29]} 23. Bd2 {[%clk 0:07:51]} Bf4
{[%clk 0:16:06]} 24. g3 {[%clk 0:06:13]} Bxd2+ {[%clk 0:14:01]} 25. Kxd2
{[%clk 0:06:33]} Nf6 {[%clk 0:05:13]} 26. Nxf6+ {[%clk 0:06:18]} Qxf6
{[%clk 0:05:39]} 27. Qe6+ {[%clk 0:04:22]} Qxe6 {[%clk 0:06:03]} 28. Rxe6
{[%clk 0:04:46]} Rf2+ {[%clk 0:01:26]} 29. Re2 {[%clk 0:03:54]} Rxe2+
{[%clk 0:01:27]} 30. Kxe2 {[%clk 0:04:15]} c5 {[%clk 0:01:24]} 31. Ke3
{[%clk 0:03:42]} Kf7 {[%clk 0:01:50]} 32. d4 {[%clk 0:02:16]} cxd4+
{[%clk 0:02:16]} 33. Kxd4 {[%clk 0:02:39]} Ke6 {[%clk 0:02:38]} 34. Ke4
{[%clk 0:01:35]} c6 {[%clk 0:01:56]} 35. c3 {[%clk 0:01:52]} Kf6 {[%clk 0:01:57]}
36. Kf4 {[%clk 0:01:59]} Ke6 {[%clk 0:02:13]} 37. Ke4 {[%clk 0:02:09]} 1/2-1/2

[Event "WCO 2016"]
[Site "?"]
[Date "2016.09.13"]
[Round "11"]
[Board "13"]
[WhiteID "930849"]
[White "Predojevic Borki"]
[BlackID "15000605"]
[Black "Nedev Trajko"]
[Result "1/2-1/2"]
[BlackElo "2484"]
[WhiteElo "2642"]
[LiveChessVersion "1.4.8"]

1. e4 {[%clk 1:30:59]} c5 {[%clk 1:30:53]} 2. Nc3 {[%clk 1:31:22]} Nc6
{[%clk 1:31:13]} 3. Bb5 {[%clk 1:31:47]} Nd4 {[%clk 1:31:15]} 4. Nf3
{[%clk 1:32:12]} e6 {[%clk 1:25:12]} 5. O-O {[%clk 1:30:31]} a6 {[%clk 1:25:21]}
6. Bd3 {[%clk 1:30:49]} Nc6 {[%clk 1:23:25]} 7. Be2 {[%clk 1:28:40]} Qb6
{[%clk 1:20:23]} 8. a4 {[%clk 1:26:11]} Nf6 {[%clk 1:19:33]} 9. a5
{[%clk 1:23:09]} Qc7 {[%clk 1:07:44]} 10. d4 {[%clk 1:23:07]} cxd4
{[%clk 1:08:07]} 11. Nxd4 {[%clk 1:23:33]} Bb4 {[%clk 1:04:41]} 12. Nxc6
{[%clk 1:09:07]} bxc6 {[%clk 0:59:16]} 13. Qd4 {[%clk 1:09:14]} Bd6
{[%clk 0:51:03]} 14. f4 {[%clk 1:01:04]} e5 {[%clk 0:51:22]} 15. Qf2
{[%clk 1:01:30]} exf4 {[%clk 0:49:31]} 16. Bxf4 {[%clk 1:01:43]} Bxf4
{[%clk 0:49:07]} 17. Qxf4 {[%clk 1:00:11]} Qxf4 {[%clk 0:48:21]} 18. Rxf4
{[%clk 0:59:56]} d6 {[%clk 0:48:14]} 19. e5 {[%clk 0:48:54]} dxe5
{[%clk 0:48:01]} 20. Rc4 {[%clk 0:49:19]} Bb7 {[%clk 0:43:47]} 21. Na4
{[%clk 0:48:46]} O-O-O {[%clk 0:41:31]} 22. Nc5 {[%clk 0:47:35]} Nd5
{[%clk 0:28:10]} 23. Ra3 {[%clk 0:47:13]} Kc7 {[%clk 0:27:05]} 24. Bf3
{[%clk 0:18:18]} Bc8 {[%clk 0:24:06]} 25. Rb3 {[%clk 0:18:38]} f5
{[%clk 0:17:16]} 26. Bxd5 {[%clk 0:16:35]} Rxd5 {[%clk 0:17:44]} 27. Rb6
{[%clk 0:17:01]} Rd6 {[%clk 0:13:13]} 28. Nxa6+ {[%clk 0:10:27]} Bxa6
{[%clk 0:13:38]} 29. Rxa6 {[%clk 0:10:54]} Rb8 {[%clk 0:13:28]} 30. Ra7+
{[%clk 0:08:55]} Rb7 {[%clk 0:13:54]} 31. Rxb7+ {[%clk 0:08:43]} Kxb7
{[%clk 0:14:21]} 32. Rc5 {[%clk 0:08:37]} Rd5 {[%clk 0:07:16]} 1/2-1/2

[Event "WCO 2016"]
[Site "?"]
[Date "2016.09.13"]
[Round "11"]
[Board "14"]
[WhiteID "15002187"]
[White "Pancevski Filip"]
[BlackID "14403803"]
[Black "Kadric Denis"]
[Result "0-1"]
[BlackElo "2583"]
[WhiteElo "2503"]
[LiveChessVersion "1.4.8"]

1. e4 {[%clk 1:30:57]} d6 {[%clk 1:30:55]} 2. Nc3 {[%clk 1:31:20]} e5
{[%clk 1:31:21]} 3. Nf3 {[%clk 1:31:11]} Be7 {[%clk 1:19:37]} 4. d4
{[%clk 1:23:45]} Nd7 {[%clk 1:18:12]} 5. Bc4 {[%clk 1:22:34]} Nb6
{[%clk 1:16:36]} 6. Be2 {[%clk 1:18:54]} exd4 {[%clk 1:16:57]} 7. Qxd4
{[%clk 1:18:07]} Nf6 {[%clk 1:15:25]} 8. Bf4 {[%clk 1:15:00]} O-O
{[%clk 1:15:25]} 9. O-O-O {[%clk 1:10:57]} Be6 {[%clk 1:13:52]} 10. e5
{[%clk 1:01:46]} Nfd5 {[%clk 1:10:23]} 11. exd6 {[%clk 0:57:00]} cxd6
{[%clk 1:10:35]} 12. Nxd5 {[%clk 0:53:10]} Nxd5 {[%clk 1:09:04]} 13. Bg3
{[%clk 0:26:05]} Qa5 {[%clk 1:03:59]} 14. Bc4 {[%clk 0:14:37]} Bf6
{[%clk 0:50:29]} 15. Qd2 {[%clk 0:14:51]} Nc3 {[%clk 0:50:53]} 16. Bxe6
{[%clk 0:14:57]} fxe6 {[%clk 0:51:19]} 17. a3 {[%clk 0:12:40]} Rfc8
{[%clk 0:47:52]} 18. Qxd6 {[%clk 0:05:45]} Rc6 {[%clk 0:47:54]} 19. Qd7
{[%clk 0:03:30]} Ne2+ {[%clk 0:43:35]} 20. Kb1 {[%clk 0:04:00]} Rb6
{[%clk 0:44:01]} 21. Nd4 {[%clk 0:03:48]} Bxd4 {[%clk 0:43:34]} 22. Rxd4
{[%clk 0:04:13]} Qxa3 {[%clk 0:43:59]} 23. Rb4 {[%clk 0:02:26]} Rxb4
{[%clk 0:43:04]} 24. Be5 {[%clk 0:02:44]} Nc3+ {[%clk 0:43:18]} 25. Kc1
{[%clk 0:03:02]} Qxb2+ {[%clk 0:43:44]} 0-1

[Event "WCO 2016"]
[Site "?"]
[Date "2016.09.13"]
[Round "11"]
[Board "15"]
[WhiteID "14400049"]
[White "Dizdarevic Emir"]
[BlackID "15000729"]
[Black "Colovic Aleksandar"]
[Result "1/2-1/2"]
[BlackElo "2432"]
[WhiteElo "2460"]
[LiveChessVersion "1.4.8"]

1. Nf3 {[%clk 1:30:56]} c5 {[%clk 1:30:48]} 2. c4 {[%clk 1:27:31]} Nc6
{[%clk 1:30:54]} 3. d4 {[%clk 1:25:18]} cxd4 {[%clk 1:31:13]} 4. Nxd4
{[%clk 1:25:45]} Nf6 {[%clk 1:31:02]} 5. Nc3 {[%clk 1:25:47]} e6 {[%clk 1:30:57]}
6. e3 {[%clk 1:24:22]} Bb4 {[%clk 1:24:43]} 7. Bd2 {[%clk 1:20:50]} O-O
{[%clk 1:22:55]} 8. a3 {[%clk 1:15:22]} Be7 {[%clk 1:18:49]} 9. Be2
{[%clk 0:59:23]} d5 {[%clk 1:11:40]} 10. cxd5 {[%clk 0:56:54]} Nxd4
{[%clk 1:11:58]} 11. exd4 {[%clk 0:57:09]} Nxd5 {[%clk 1:12:14]} 12. Qb3
{[%clk 0:51:38]} Nb6 {[%clk 1:05:55]} 13. O-O {[%clk 0:47:52]} Bd7
{[%clk 1:05:46]} 14. d5 {[%clk 0:39:02]} exd5 {[%clk 1:00:35]} 15. Nxd5
{[%clk 0:38:06]} Nxd5 {[%clk 1:00:49]} 16. Qxd5 {[%clk 0:38:22]} Bc6
{[%clk 0:56:00]} 17. Qxd8 {[%clk 0:37:45]} Rfxd8 {[%clk 0:56:21]} 18. Bc3
{[%clk 0:37:56]} Kf8 {[%clk 0:55:51]} 19. Rfd1 {[%clk 0:38:04]} Rxd1+
{[%clk 0:55:53]} 20. Rxd1 {[%clk 0:38:24]} Rd8 {[%clk 0:56:19]} 21. Rxd8+
{[%clk 0:38:35]} Bxd8 {[%clk 0:56:48]} 22. Bd4 {[%clk 0:38:34]} a6
{[%clk 0:56:01]} 23. f4 {[%clk 0:38:30]} Bd5 {[%clk 0:42:50]} 24. Kf2
{[%clk 0:38:17]} f5 {[%clk 0:43:07]} 25. g3 {[%clk 0:38:02]} Kf7 {[%clk 0:43:06]}
26. h4 {[%clk 0:37:21]} g6 {[%clk 0:43:01]} 27. Bd3 {[%clk 0:36:36]} Ke6
{[%clk 0:42:57]} 28. Ke3 {[%clk 0:36:41]} h5 {[%clk 0:42:13]} 29. Be2
{[%clk 0:35:49]} Be7 {[%clk 0:41:58]} 30. Bd3 {[%clk 0:36:01]} Bd8
{[%clk 0:42:23]} 1/2-1/2

[Event "WCO 2016"]
[Site "?"]
[Date "2016.09.13"]
[Round "11"]
[Board "16"]
[WhiteID "15002314"]
[White "Nikolovski Nikola"]
[BlackID "14402661"]
[Black "Marjanovic Dejan"]
[Result "1/2-1/2"]
[BlackElo "2432"]
[WhiteElo "2265"]
[LiveChessVersion "1.4.8"]

1. e4 {[%clk 1:30:55]} e6 {[%clk 1:30:31]} 2. d4 {[%clk 1:31:00]} d5
{[%clk 1:30:52]} 3. Nd2 {[%clk 1:31:15]} c5 {[%clk 1:31:04]} 4. exd5
{[%clk 1:31:01]} Qxd5 {[%clk 1:31:15]} 5. Ngf3 {[%clk 1:31:06]} cxd4
{[%clk 1:31:20]} 6. Bc4 {[%clk 1:31:24]} Qd6 {[%clk 1:31:45]} 7. O-O
{[%clk 1:31:12]} Nf6 {[%clk 1:32:00]} 8. Nb3 {[%clk 1:31:18]} Nc6
{[%clk 1:31:58]} 9. Nbxd4 {[%clk 1:31:13]} Nxd4 {[%clk 1:32:18]} 10. Nxd4
{[%clk 1:31:28]} a6 {[%clk 1:32:10]} 11. Re1 {[%clk 1:31:30]} Qc7
{[%clk 1:32:09]} 12. Qe2 {[%clk 1:31:23]} h6 {[%clk 1:32:17]} 13. h3
{[%clk 1:19:11]} Bc5 {[%clk 1:30:26]} 14. Be3 {[%clk 1:03:35]} O-O
{[%clk 1:26:38]} 15. Bb3 {[%clk 1:01:00]} b6 {[%clk 1:23:25]} 16. Rad1
{[%clk 0:58:39]} Bb7 {[%clk 1:17:08]} 17. Nf3 {[%clk 0:51:23]} Bxe3
{[%clk 0:46:59]} 18. Qxe3 {[%clk 0:51:43]} Rfd8 {[%clk 0:46:02]} 19. c3
{[%clk 0:45:55]} Nd5 {[%clk 0:34:40]} 20. Qe5 {[%clk 0:44:46]} Qxe5
{[%clk 0:33:50]} 21. Nxe5 {[%clk 0:44:47]} Nf4 {[%clk 0:31:29]} 22. f3
{[%clk 0:43:39]} b5 {[%clk 0:25:48]} 23. Nd7 {[%clk 0:35:00]} Bc6
{[%clk 0:23:17]} 24. Nc5 {[%clk 0:34:25]} Bd5 {[%clk 0:17:02]} 25. Bxd5
{[%clk 0:31:43]} Nxd5 {[%clk 0:17:02]} 26. Rd4 {[%clk 0:31:33]} Rdc8
{[%clk 0:17:03]} 27. Nd3 {[%clk 0:27:11]} Nb6 {[%clk 0:15:21]} 28. Ne5
{[%clk 0:26:41]} Na4 {[%clk 0:13:56]} 29. Rd7 {[%clk 0:22:21]} Nxb2
{[%clk 0:11:52]} 30. Nxf7 {[%clk 0:22:05]} Na4 {[%clk 0:10:08]} 31. Re7
{[%clk 0:16:18]} Re8 {[%clk 0:06:47]} 32. Rc7 {[%clk 0:16:18]} Rec8
{[%clk 0:05:06]} 33. Re7 {[%clk 0:16:38]} Re8 {[%clk 0:05:31]} 34. Rc7
{[%clk 0:16:55]} Rec8 {[%clk 0:05:59]} 35. Re7 {[%clk 0:14:59]} Rc6
{[%clk 0:06:04]} 36. Ne5 {[%clk 0:14:36]} Rxc3 {[%clk 0:05:15]} 37. Rxe6
{[%clk 0:14:59]} Rc2 {[%clk 0:05:03]} 38. Re7 {[%clk 0:11:28]} Kh7
{[%clk 0:03:07]} 39. Nd7 {[%clk 0:06:41]} Nc5 {[%clk 0:01:24]} 40. Nf6+
{[%clk 0:31:58]} Kg6 {[%clk 0:31:48]} 41. Ne8 {[%clk 0:28:35]} Rxe8
{[%clk 0:31:37]} 42. Rxe8 {[%clk 0:28:58]} Rxa2 {[%clk 0:31:02]} 43. Ra8
{[%clk 0:16:36]} a5 {[%clk 0:27:45]} 44. Re5 {[%clk 0:13:45]} Nd3
{[%clk 0:24:01]} 45. Ra6+ {[%clk 0:13:09]} Kh7 {[%clk 0:23:40]} 46. Rxb5
{[%clk 0:13:29]} Nf4 {[%clk 0:23:17]} 47. Rf5 {[%clk 0:13:17]} Nxg2
{[%clk 0:15:41]} 48. Rfxa5 {[%clk 0:13:32]} Rd2 {[%clk 0:15:04]} 49. Ra2
{[%clk 0:13:32]} Rxa2 {[%clk 0:13:19]} 50. Rxa2 {[%clk 0:13:56]} Nf4
{[%clk 0:13:28]} 51. Kh2 {[%clk 0:14:17]} g5 {[%clk 0:13:36]} 52. Kg3
{[%clk 0:12:09]} Nh5+ {[%clk 0:13:49]} 53. Kg4 {[%clk 0:12:11]} Kg6
{[%clk 0:14:12]} 54. Ra6+ {[%clk 0:11:39]} Nf6+ {[%clk 0:14:35]} 55. Kg3
{[%clk 0:12:03]} Kf5 {[%clk 0:14:43]} 56. Kf2 {[%clk 0:11:28]} Ke5
{[%clk 0:10:58]} 57. Ra5+ {[%clk 0:10:02]} Kf4 {[%clk 0:08:03]} 58. Ra8
{[%clk 0:04:59]} Kf5 {[%clk 0:07:38]} 59. Rf8 {[%clk 0:03:29]} Kg6
{[%clk 0:06:21]} 60. Ke3 {[%clk 0:02:53]} Nd5+ {[%clk 0:05:31]} 61. Ke4
{[%clk 0:02:44]} Nf6+ {[%clk 0:05:53]} 62. Kd4 {[%clk 0:01:58]} Kf5
{[%clk 0:06:07]} 63. Rh8 {[%clk 0:01:45]} h5 {[%clk 0:06:26]} 64. Ke3
{[%clk 0:00:47]} Nd5+ {[%clk 0:06:46]} 65. Kf2 {[%clk 0:01:11]} h4
{[%clk 0:07:07]} 66. Rf8+ {[%clk 0:01:04]} Ke5 {[%clk 0:06:48]} 67. Rg8
{[%clk 0:00:53]} Kf5 {[%clk 0:07:13]} 68. Rf8+ {[%clk 0:01:16]} Ke5
{[%clk 0:07:42]} 69. Re8+ {[%clk 0:00:44]} Kf5 {[%clk 0:08:11]} 70. Rf8+
{[%clk 0:01:10]} Ke5 1/2-1/2

[Event "WCO 2016"]
[Site "?"]
[Date "2016.09.13"]
[Round "11"]
[Board "13"]
[WhiteID "13405764"]
[White "Asadli Vugar"]
[BlackID "4700236"]
[Black "Dervishi Erald"]
[Result "1/2-1/2"]
[BlackElo "2564"]
[WhiteElo "2406"]
[LiveChessVersion "1.4.8"]

1. e4 {[%clk 1:30:55]} e5 {[%clk 1:30:55]} 2. Nf3 {[%clk 1:31:21]} Nc6
{[%clk 1:31:20]} 3. Bc4 {[%clk 1:31:41]} Nf6 {[%clk 1:31:42]} 4. d3
{[%clk 1:31:51]} Be7 {[%clk 1:32:04]} 5. O-O {[%clk 1:31:53]} O-O
{[%clk 1:32:28]} 6. Bb3 {[%clk 1:32:17]} d6 {[%clk 1:32:21]} 7. c3
{[%clk 1:31:48]} Kh8 {[%clk 1:30:16]} 8. Nbd2 {[%clk 1:18:43]} Ng8
{[%clk 1:28:03]} 9. d4 {[%clk 1:16:44]} exd4 {[%clk 1:06:42]} 10. Nxd4
{[%clk 1:05:06]} Nxd4 {[%clk 1:03:50]} 11. cxd4 {[%clk 1:05:33]} f5
{[%clk 1:03:38]} 12. e5 {[%clk 1:01:18]} f4 {[%clk 1:00:52]} 13. Re1
{[%clk 0:50:40]} Nh6 {[%clk 0:54:28]} 14. e6 {[%clk 0:49:34]} d5 {[%clk 0:54:46]}
15. Nf3 {[%clk 0:47:03]} c6 {[%clk 0:52:08]} 16. Bc2 {[%clk 0:46:58]} Qd6
{[%clk 0:48:26]} 17. Qd3 {[%clk 0:45:47]} g6 {[%clk 0:37:23]} 18. Bd2
{[%clk 0:34:54]} Ng8 {[%clk 0:24:54]} 19. a3 {[%clk 0:26:37]} a5 {[%clk 0:24:53]}
20. Qe2 {[%clk 0:26:41]} Rf6 {[%clk 0:25:02]} 21. Ng5 {[%clk 0:26:48]} Kg7
{[%clk 0:25:30]} 22. Qf3 {[%clk 0:25:48]} h6 {[%clk 0:22:37]} 23. Nf7
{[%clk 0:26:12]} Qc7 {[%clk 0:22:50]} 24. Ne5 {[%clk 0:26:37]} Bd6
{[%clk 0:12:57]} 25. Bxf4 {[%clk 0:20:58]} g5 {[%clk 0:12:44]} 26. Qd3
{[%clk 0:20:45]} gxf4 {[%clk 0:13:12]} 27. Qh7+ {[%clk 0:17:54]} Kf8
{[%clk 0:13:40]} 28. Ng6+ {[%clk 0:17:18]} Rxg6 {[%clk 0:14:08]} 29. e7+
{[%clk 0:17:40]} Nxe7 {[%clk 0:09:57]} 30. Bxg6 {[%clk 0:18:02]} Nxg6
{[%clk 0:10:15]} 31. Qxg6 {[%clk 0:18:27]} Bd7 {[%clk 0:08:43]} 32. Re2
{[%clk 0:14:51]} Re8 {[%clk 0:05:21]} 33. Rae1 {[%clk 0:14:05]} Rxe2
{[%clk 0:05:19]} 34. Rxe2 {[%clk 0:14:34]} c5 {[%clk 0:05:02]} 35. dxc5
{[%clk 0:12:28]} Be5 {[%clk 0:03:29]} 36. Qxh6+ {[%clk 0:11:33]} Bg7
{[%clk 0:03:58]} 37. Qg5 {[%clk 0:12:02]} Bb5 {[%clk 0:01:41]} 38. Re1
{[%clk 0:09:47]} d4 {[%clk 0:00:45]} 39. Re6 {[%clk 0:09:40]} Qf7
{[%clk 0:00:47]} 1/2-1/2

[Event "WCO 2016"]
[Site "?"]
[Date "2016.09.13"]
[Round "11"]
[Board "14"]
[WhiteID "4700600"]
[White "Mehmeti Dritan"]
[BlackID "13406809"]
[Black "Bashirli Nail"]
[Result "0-1"]
[BlackElo "2387"]
[WhiteElo "2415"]
[LiveChessVersion "1.4.8"]

1. d4 {[%clk 1:30:54]} d5 {[%clk 1:30:50]} 2. Bg5 {[%clk 1:30:57]} h6
{[%clk 1:31:14]} 3. Bh4 {[%clk 1:31:16]} c6 {[%clk 1:31:37]} 4. Nf3
{[%clk 1:25:03]} Qb6 {[%clk 1:32:02]} 5. b3 {[%clk 1:23:54]} Nd7 {[%clk 1:32:27]}
6. e3 {[%clk 1:12:17]} e5 {[%clk 1:32:46]} 7. Bg3 {[%clk 1:09:12]} e4
{[%clk 1:25:52]} 8. Nfd2 {[%clk 1:08:35]} Ne7 {[%clk 1:23:22]} 9. f3
{[%clk 1:01:01]} Nf5 {[%clk 0:52:11]} 10. Bf2 {[%clk 1:00:32]} Nf6
{[%clk 0:50:50]} 11. fxe4 {[%clk 0:45:27]} dxe4 {[%clk 0:45:42]} 12. Be2
{[%clk 0:43:24]} Nd5 {[%clk 0:43:23]} 13. Nc4 {[%clk 0:40:29]} Bb4+
{[%clk 0:38:16]} 14. Nbd2 {[%clk 0:31:14]} Qd8 {[%clk 0:36:52]} 15. O-O
{[%clk 0:22:46]} b5 {[%clk 0:35:21]} 16. g4 {[%clk 0:22:11]} bxc4
{[%clk 0:11:04]} 17. gxf5 {[%clk 0:22:15]} Bxd2 {[%clk 0:10:29]} 18. Qxd2
{[%clk 0:22:27]} c3 {[%clk 0:10:54]} 19. Qe1 {[%clk 0:20:14]} Bxf5
{[%clk 0:09:46]} 20. Kh1 {[%clk 0:17:06]} Qd7 {[%clk 0:08:04]} 21. Rg1
{[%clk 0:15:36]} g5 {[%clk 0:07:29]} 22. Qf1 {[%clk 0:11:32]} Bh3
{[%clk 0:06:52]} 23. Qc1 {[%clk 0:11:39]} Qf5 {[%clk 0:04:55]} 24. Qe1
{[%clk 0:08:11]} O-O {[%clk 0:03:31]} 25. Rg3 {[%clk 0:07:19]} Qe6
{[%clk 0:01:10]} 26. Qg1 {[%clk 0:07:32]} Bf5 {[%clk 0:01:30]} 27. Rf1
{[%clk 0:07:22]} Bg6 {[%clk 0:01:24]} 28. Be1 {[%clk 0:06:45]} f5
{[%clk 0:00:46]} 29. Bc4 {[%clk 0:06:37]} Kh7 {[%clk 0:00:56]} 30. Bxc3
{[%clk 0:06:32]} Qd6 {[%clk 0:01:04]} 31. Bd2 {[%clk 0:06:17]} f4
{[%clk 0:00:48]} 32. Rg2 {[%clk 0:03:03]} fxe3 {[%clk 0:00:39]} 33. Bxe3
{[%clk 0:03:29]} Rxf1 {[%clk 0:00:34]} 34. Bxf1 {[%clk 0:03:50]} Rf8
{[%clk 0:00:58]} 35. Be2 {[%clk 0:02:49]} Nf4 {[%clk 0:01:06]} 36. Bxf4
{[%clk 0:02:06]} gxf4 {[%clk 0:01:25]} 37. Rg4 {[%clk 0:02:06]} f3
{[%clk 0:00:55]} 38. Bf1 {[%clk 0:02:06]} f2 {[%clk 0:00:39]} 39. Qg3
{[%clk 0:00:58]} Qf6 {[%clk 0:00:43]} 40. Qe3 {[%clk 0:30:38]} Qf3+
{[%clk 0:30:32]} 41. Qxf3 {[%clk 0:30:31]} exf3 {[%clk 0:29:52]} 0-1